00365nam a2200145Ia 4500008004100000020001500041082001600056100001400072245004800086250000800134260002700142300001300169500002400182650001300206230524s9999 xx 000 0 und d a8173170452 a681.76bDEV aKapil dev 0aWorkshop Calculation and science Mechanical a1ST aNEW DELHIbAsianc2005 aVIII;568 aQuantity Number: 1 aWorkshop